Compiling with C# and Java
Đã lưu trong:
| 主要作者: | |
|---|---|
| 格式: | 图书 |
| 语言: | Undetermined |
| 出版: |
New York, N.Y.
Pearson/Addison-Wesley
2005
|
| 主题: | |
| 标签: |
添加标签
没有标签, 成为第一个标记此记录!
|
| Thư viện lưu trữ: | Trung tâm Học liệu Trường Đại học Cần Thơ |
|---|
| LEADER | 00548nam a2200193Ia 4500 | ||
|---|---|---|---|
| 001 | CTU_124052 | ||
| 008 | 210402s9999 xx 000 0 und d | ||
| 020 | |c 1404000 | ||
| 082 | |a 005.133 | ||
| 082 | |b T329 | ||
| 100 | |a Terry, Pat | ||
| 245 | 0 | |a Compiling with C# and Java | |
| 245 | 0 | |c Terry Pat | |
| 260 | |a New York, N.Y. | ||
| 260 | |b Pearson/Addison-Wesley | ||
| 260 | |c 2005 | ||
| 650 | |a C♯ ( Computer program language ),Java ( Computer program language ) | ||
| 904 | |i Minh | ||
| 980 | |a Trung tâm Học liệu Trường Đại học Cần Thơ | ||